| 000 | 00762nam a22002537a 4500 | ||
|---|---|---|---|
| 001 | 000381 | ||
| 003 | DO-SdBNP | ||
| 005 | 20171122083848.0 | ||
| 007 | 000381 | ||
| 008 | 160708b 2010 mx ||||| |||| 00| 0 spa d | ||
| 020 | _a9786071107350 | ||
| 040 |
_aBPMSU _bspa _cBPMSU |
||
| 082 | 4 |
_aPe863.5 _bR769t |
|
| 100 | 1 |
_aRoncagliolo, Santiago, _d1975- |
|
| 245 | 1 | 0 |
_aTan cerca de la vida / _cSantiago Roncagliolo. |
| 260 |
_aMadrid : _bAlfaguara, _c2010. |
||
| 300 |
_a328 p. ; _c24 cm. |
||
| 500 | _aIncluye datos biográficos de la autor en la solapa de la cubierta. | ||
| 650 | 4 | _aNOVELA PERUANA | |
| 650 | 4 | _aLITERATURA PERUANA | |
| 942 |
_2ddc _cBK |
||
| 945 | _aInvetariado extranjero / 2017 VM | ||
| 956 |
_2LOPEREZ _310 _620160708 _8BPMSU _a00041 |
||
| 999 |
_c10800 _d10800 |
||